|
|
|
|
| LEADER |
00633cam a2200181 7i4500 |
| 001 |
0000000421 |
| 005 |
20090303090000.0 |
| 008 |
090303 eng |
| 020 |
|
|
|a 9789833263905 (pbk.)
|
| 090 |
0 |
0 |
|a BF1779.F4
|b T65
|
| 100 |
1 |
|
|a Too, Lilian
|
| 245 |
1 |
0 |
|a Flying star Feng Shui made easy
|c Lilian Too.
|
| 260 |
|
|
|a Kuala Lumpur:
|b Konsep Lagenda Sdn. Bhd.,
|c [n.d.].
|
| 300 |
|
|
|a 326 p.:
|b ill.;
|c 21 cm.
|
| 650 |
0 |
0 |
|a Feng-Shui
|
| 999 |
|
|
|a 0000036192
|b BOK
|c OPEN SHELF
|e 1st Floor, Bestari Jaya
|
| 999 |
|
|
|a 0000036193
|b BOK
|c OPEN SHELF
|e 1st Floor, Bestari Jaya
|
| 999 |
|
|
|a 0000036194
|b BOK
|c OPEN SHELF
|e 1st Floor, Shah Alam
|